000 00630nam a2200181Ia 4500
003 GCL
008 140319s9999 xx 000 0 ara d
040 _aGCL /
_cGCL
082 0 4 _a001.6424
_bع م
100 1 _aحسين حسن بركات
245 1 0 _aمفكرة الجيب فى اوامر ووظائف قاعدة البيانات FOXPRO /
_cحسين حسن بركات
260 _aالقاهرة :
_bدار الكتب العلمية للنشر والتوزيع ،
_c1993
300 _a256 ص ؛
_c24 سم
490 _a
650 0 4 _aالحاسبات الالكترونية
650 0 4 _aالبرامج
942 _2ddc
_cBK
999 _c52818
_d52818